| 000 | 00442cam a2200181 4500 | ||
|---|---|---|---|
| 001 | D12004 | ||
| 008 | 090401t1902 xxu||||| |||| 00| 0 eng d | ||
| 035 | _a(Sirsi) u94035 | ||
| 041 | _aeng | ||
| 100 | _aArman, Abraham | ||
| 245 | 2 | _aA complete ready reckoner for the admeasurement of land | |
| 250 | _a5th | ||
| 260 |
_aLondon _bCrosby Lockwood & Son _c1902 |
||
| 350 | _a0 | ||
| 520 | _aShelf 176 | ||
| 942 | _n0 | ||
| 948 | _c04/03/1997 | ||
| 999 |
_c97883 _d97883 |
||